Journal d'agriculture pratique, de jardinage et d'économie domestique /
Descripción Física:
1 vol. enquadernat ; periodicitat: mensual ; 27 cm.
MARC
| LEADER | 00000nas a2200000 a 4500 | ||
|---|---|---|---|
| 001 | 15705 | ||
| 003 | Arxiu | ||
| 005 | 20260324180549.0 | ||
| 008 | 160829s1837 - 1908 xx 000 0 cat d | ||
| 022 | |a 0368-1149 | ||
| 040 | |a agdb | ||
| 080 | |a Revistes | ||
| 245 | |a Journal d'agriculture pratique, de jardinage et d'économie domestique / |c publié sous la direction de M. A. Bixio, rédacter en chef de la Maison Rustique | ||
| 260 | |a Paris : |b Bureau de la Maison Rustique ; |c 1837 - 1908 | ||
| 300 | |a 1 vol. enquadernat ; |b periodicitat: mensual ; |c 27 cm. | ||
| 310 | |a Mensual | ||
| 362 | |a Núm. 1 (juliol 1837) - Núm. 12 (juny 1838) | ||
| 500 | |a Fusionada amb: La Gazette du village, per formar: L'Agriculture pratique. | ||
| 500 | |a Continuació de l'obra Maison rustique du XIXe siècle. | ||
| 500 | |a El 1853 absorbeix: Le Rovillien; el 1854: Moniteur de la propiété et de l'agriculture; i el 1909: Journal de l'agriculture. | ||
| 650 | |a Agricultura |x Revistes |9 28453 | ||
| 655 | 0 | |9 55823 |a Revistes | |
| 785 | 0 | 0 | |t Journal d'agriculture pratique : moniteur des comices, des propriétaires et des fermiers |
| 866 | |a Núm. 1 (juliol 1837) - Núm. 12 (juny 1838) | ||
| 901 | |a Arxiu | ||
| 942 | |n 1 |2 udc |c REV | ||
| 952 | |0 0 |1 0 |2 udc |4 0 |6 REV301 |7 1 |9 54841 |a Arxiu |b Arxiu |d 2016-12-01 |h Núm. 1 (juliol 1837) - Núm. 12 (juny 1838) |o Rev-301 |p 15705 |r 2016-12-01 00:00:00 |w 2016-12-01 |y ARXIU | ||
| 999 | |c 58711 |d 58711 | ||